<?xml version="1.0" encoding="UTF-8"?>
<record
    xmlns:xsi="http://www.w3.org/2001/XMLSchema-instance"
    xsi:schemaLocation="http://www.loc.gov/MARC21/slim http://www.loc.gov/standards/marcxml/schema/MARC21slim.xsd"
    xmlns="http://www.loc.gov/MARC21/slim">

  <leader>00838nam a22001817a 4500</leader>
  <datafield tag="999" ind1=" " ind2=" ">
    <subfield code="c">371609</subfield>
    <subfield code="d">371609</subfield>
  </datafield>
  <controlfield tag="008">201127b           ||||| |||| 00| 0 eng d</controlfield>
  <datafield tag="040" ind1=" " ind2=" ">
    <subfield code="a">DE-2950</subfield>
    <subfield code="b">ger</subfield>
    <subfield code="c">DE-2950</subfield>
    <subfield code="e">rda</subfield>
  </datafield>
  <datafield tag="041" ind1=" " ind2=" ">
    <subfield code="a">ger</subfield>
  </datafield>
  <datafield tag="245" ind1=" " ind2=" ">
    <subfield code="a">Die Kunst-Galerei im "EinSteinchen".</subfield>
    <subfield code="b">Dauer-Leihgabe: K&#xFC;nstlerin Erika St&#xFC;rmer-Alex hat der Frankfurter Kita 37 Arbeiten &#xFC;berlassen. Die zweite Ausstellung mit Kinder-Kunstobjekten ist nur noch heute zu sehen /</subfield>
    <subfield code="c">Ines Weber-Rath</subfield>
  </datafield>
  <datafield tag="264" ind1=" " ind2=" ">
    <subfield code="c">2022</subfield>
  </datafield>
  <datafield tag="653" ind1=" " ind2=" ">
    <subfield code="a">Frankfurt (Oder)</subfield>
  </datafield>
  <datafield tag="653" ind1=" " ind2=" ">
    <subfield code="a">St&#xFC;rmer-Alex, Erika; K&#xFC;nstlerin, Malerin, Bildhauerin, Objektk&#xFC;nstlerin, K&#xFC;nstlerin, 1938-</subfield>
  </datafield>
  <datafield tag="773" ind1=" " ind2=" ">
    <subfield code="d">Frankfurt (Oder) M&#xE4;rkisches Verlags- und Druckhaus GmbH &amp; Co KG</subfield>
    <subfield code="t">M&#xE4;rkische Oderzeitung</subfield>
    <subfield code="g">33. Jahrgang (2022) Nr. 109 vom 11.05.2022, S. 15</subfield>
  </datafield>
  <datafield tag="942" ind1=" " ind2=" ">
    <subfield code="c">A</subfield>
  </datafield>
  <datafield tag="952" ind1=" " ind2=" ">
    <subfield code="0">0</subfield>
    <subfield code="1">0</subfield>
    <subfield code="4">0</subfield>
    <subfield code="7">0</subfield>
    <subfield code="9">370073</subfield>
    <subfield code="a">StAFF</subfield>
    <subfield code="b">StAFF</subfield>
    <subfield code="c">GEN</subfield>
    <subfield code="d">2022-05-13</subfield>
    <subfield code="l">0</subfield>
    <subfield code="o">Z2</subfield>
    <subfield code="r">2022-05-13 00:00:00</subfield>
    <subfield code="w">2022-05-13</subfield>
    <subfield code="y">A</subfield>
  </datafield>
</record>
